1689 1422 1022 1218 1869 1631 1106 1975 1629 1514 1281 1849 1539 1044 1945 1932 1428 1364 1355 1815 1631 1804 1943 1132 1088 1211 1327 1978 1097 1626 1220 1676 1912 1099 1623 1490 1360 1991 1071 1875 1770 1529 1145 1963 1529 1284 1146 1397 1000 1324 1412 1877 1107 1074 1991 1338 1035 1857 1373 1423 1408 1651 1668 1612 1545 1291 1750 1729 1034 1035 1754 1785 1239 1970 1461 1514 1099 1422 1212 1435 1971 1715 1893 1578 1247 1952 1987 1790 1378 1839 1150 1707 1517 1016 1164 1487 1176 1856 1646 BCNSPRNW ULIB Ver.6.0+V

เปลี่ยนเป็นภาษาไทย

Change to English
 แสดงรายละเอียดบรรณานุกรม
  กลับหน้าหลัก

Brief Record : Get Marc (ISO 2709) : E-mail record : QR code < ปิดหน้าต่าง
LEADER : 00000nam 2200000uu 4500
001    13399124431
003     ULIB
008    150713s2556||||th 000 0 tha d
020    ^a9789744226945
060 04 ^aQZ200^bผ931
245 00 ^aแผนการป้องกันและควบคุมโรคมะเร็งแห่งชาติ (พ.ศ.2556-2560) /^cคณะกรรมการจัดทำแผนป้องกันและควบคุมโรคมะเร็งแห่งชาติ กรมการแพทย์ กระทรวงสาธารณสุข
260    ^aกรุงเทพฯ :^bสถาบันมะเร็งแห่งชาติ,^c2556
300    ^a134 หน้า :^bภาพประกอบ
650  2 ^aNeoplasms^xprevention & control
650  4 ^aเนื้องอก^xการป้องกันและควบคุม
650  4 ^aมะเร็ง^xการป้องกันและควบคุม^zไทย
710 2  ^aคณะกรรมการจัดทำแผนป้องกันและควบคุมโรคมะเร็งแห่งชาติ
710 2  ^aสถาบันมะเร็งแห่งชาติ
945    ^p0^l0^i039537
999    ^aเกษร โพธิ์สุวรรณ
รายการนี้ยังไม่มีแท็ก
คุณยังไม่ได้ล็อกอิน คุณสามารถมีกิจกรรมร่วมกับเว็บไซต์ได้ แต่ต้องล็อกอินก่อน ::
  ล็อกอิน

รายการสื่อสารสนเทศ

ลำดับที่ ประเภท เลขเรียก/บาร์โค้ด สถานที่ สถานะ
1. วิทยาศาสตร์การแพทย์ และสุขภาพ
หนังสือสำรอง
สถานะ=หนังสือสำรอง
QZ200 ผ931 ฉ.1 
  Barcode: 039537
ห้องสมุดวิทยาเขตสวรรค์ประชารักษ์
►ส่วนจัดเก็บหนังสือเก่า สปร
บนชั้น
  ขอยืม

BibComment


ยังไม่เคยถูกคอมเมนท์

คอมเมนท์ทรัพยากรรายการนี้
  คอมเมนท์: แผนการป้องกันและ..


 Copyright 2026. Bcnsprnw @Library